Seamanship notes / (Record no. 2351)

000 -LEADER
fixed length control field 00385nam a22001577a 4500
008 - FIXED-LENGTH DATA ELEMENTS--GENERAL INFORMATION
fixed length control field 200225b ||||| |||| 00| 0 eng d
082 00 - DEWEY DECIMAL CLASSIFICATION NUMBER
Classification number 623.88
Item number K321
100 ## - MAIN ENTRY--PERSONAL NAME
9 (RLIN) 1932
Personal name Kemp
245 10 - TITLE STATEMENT
Title Seamanship notes /
250 ## - EDITION STATEMENT
Edition statement 2nd ed.
260 ## - PUBLICATION, DISTRIBUTION, ETC. (IMPRINT)
Place of publication, distribution, etc London
Name of publisher, distributor, etc Stanford maritime
Date of publication, distribution, etc 1971
300 ## - PHYSICAL DESCRIPTION
Extent 99 p.
650 #0 - SUBJECT ADDED ENTRY--TOPICAL TERM
Topical term or geographic name as entry element Seamanship
700 ## - ADDED ENTRY--PERSONAL NAME
9 (RLIN) 1933
Personal name Young
942 ## - ADDED ENTRY ELEMENTS (KOHA)
Item type Books
Holdings
Withdrawn status Lost status Source of classification or shelving scheme Damaged status Not for loan Permanent location Current location Date acquired Full call number Barcode Date last seen Koha item type
          IMU Kolkata IMU Kolkata 2020-02-25 623.88 K321 04641 2020-02-25 Books
          IMU Kolkata IMU Kolkata 2020-02-25 623.88 K321 04642 2020-02-25 Books
Designed and Maintained by IMU-KC Library, Kolkata Campus © Copyright All Rights Reserved

webs counters

Powered by Koha